[Event "Tourn. n8680"]
[Site "www.chess-mail.com"]
[Date "2016.04.07"]
[Round "1"]
[White "Tonino1"]
[Black "Darko10"]
[WhiteElo "2270"]
[BlackElo "2540"]
[Result "0-1"]
[Round "1"]
1.d4 Ng8f6
2.Ng1f3 g6
3.e3 Bf8g7
4.Bf1d3 O-O
5.b3 d6
6.Bc1b2 Nb8c6
7.a3 e5
8.Nb1d2 Rf8e8
9.e4 Nc6xd4
10.Nf3xd4 exd4
11.O-O c5
12.h3 Bc8d7
13.Nd2c4 Nf6xe4
14.Bd3xe4 Re8xe4
15.Nc4xd6 Re4e6
16.Nd6c4 b5
17.Nc4d2 Bd7c6
18.Rf1e1 Re6xe1
19.Qd1xe1 c4
20.bxc4 bxc4
21.Nd2xc4 Qd8d5
22.Qe1f1 Bc6b5
 { time }
0-1

[Event "Tourn. n8622"]
[Site "www.chess-mail.com"]
[Date "2016.04.07"]
[Round "1"]
[White "Bjonil60"]
[Black "Jjmcbride"]
[WhiteElo "1340"]
[BlackElo "1530"]
[Result "0-1"]
[Round "1"]
1.Ng1f3 d5
2.d4 e6
3.g3 c5
4.e3 b6
5.c3 c4
6.Nb1d2 a5
7.b3 b5
8.Bf1g2 b4
9.bxc4 bxc3
10.Nd2f1 Bf8b4
11.Qd1c2 Ng8f6
12.h3 Nf6e4
13.Nf3h2 f5
14.g4 fxg4
15.hxg4 O-O
16.Bg2xe4 dxe4
17.Qc2xe4 Qd8d7
18.d5 c2
19.Ke2 Bb4c3
20.Ra1b1 cxb1Q
21.Kd1 Qb1xe4
22.Rh1g1 Qd7a4
23.Ke2 Qe4xc4

0-1

[Event "Tourn. n8678"]
[Site "www.chess-mail.com"]
[Date "2016.04.07"]
[Round "1"]
[White "Attatroll"]
[Black "Osopanda"]
[WhiteElo "1940"]
[BlackElo "2030"]
[Result "1-0"]
[Round "1"]
1.d4 Ng8f6
2.c4 d6
3.Ng1f3 c6
4.Nb1c3 Qd8c7
5.e4 e5
6.d5 cxd5
7.cxd5 g6
8.Bf1e2 Bf8g7
9.O-O O-O
10.Bc1g5 h6
11.Bg5h4 Nb8d7
12.Ra1c1 Nf6h7
13.Nc3b5 Qc7b6
14.Bh4e7 Rf8e8
15.Be7xd6 a6
16.Nb5c7 Qb6xd6
17.Nc7xe8 Qd6b6
18.Qd1c2 Bg7f8
19.Ne8c7 Ra8b8
20.Nf3d2 Nd7c5
21.Rf1d1 Nh7g5
22.a3 f5
23.Nc7e6 Nc5xe6
24.dxe6 Bc8xe6
25.Be2c4 Kf7
26.Bc4xe6 Ng5xe6
27.Nd2c4 Qb6c7
28.Rd1d7 { resign }
1-0

[Event "Tourn. n8723"]
[Site "www.chess-mail.com"]
[Date "2016.04.07"]
[Round "1"]
[White "Elogic"]
[Black "Bojan"]
[WhiteElo "1860"]
[BlackElo "1930"]
[Result "1-0"]
[Round "1"]
1.b3 c6
2.e4 e6
3.d4 Qd8b6
4.Bc1b2 Ng8f6
5.e5 Nf6d5
6.c4 Bf8b4
7.Nb1d2 Nd5c3
8.Qd1c2 Qb6xd4
9.Ng1f3 Qd4f4
10.Bb2xc3 Bb4c5
11.Nd2e4 Bc5e7
12.Bc3d2 Qf4g4
13.h3 Qg4g6
14.g4 d5
15.cxd5 exd5
16.Ne4d6 Be7xd6
17.Qc2xg6 hxg6
18.exd6 f6
19.O-O-O Bc8e6
20.Rd1e1 Kd7
21.Nf3d4 Be6f7
22.Re1e7 Kxd6
23.Re7xf7 c5
24.Bd2f4 
1-0

[Event "Tourn. n8582"]
[Site "www.chess-mail.com"]
[Date "2016.04.07"]
[Round "1"]
[White "Glenno"]
[Black "Aperturaf"]
[WhiteElo "2400"]
[BlackElo "2500"]
[Result "1-0"]
[Round "1"]
1.e4 e6
2.d4 d5
3.Nb1c3 Ng8f6
4.Bc1g5 Bf8b4
5.e5 h6
6.exf6 hxg5
7.fxg7 Rh8g8
8.h4 gxh4
9.Qd1g4 Qd8f6
10.Qg4xh4 Qf6xg7
11.Ng1f3 Nb8c6
12.O-O-O Bc8d7
13.g3 a6
14.Bf1d3 f6
15.Qh4h5 Qg7f7
16.Qh5xf7 Kxf7
17.Nc3e2 Rg8h8
18.Ne2f4 Nc6e7
19.c3 Bb4d6
20.Rd1e1 c5
21.Rh1h7 Rh8xh7
22.Bd3xh7 Ra8h8
23.Bh7d3 cxd4
24.cxd4 Bd6b4
25.Re1e2 Bd7a4
26.b3 Ba4d7
27.Kb2 Bb4d6
28.a3 Bd6xf4
29.gxf4 Ne7g6
30.Bd3xg6 Kxg6
31.Nf3g1 Rh8h4
32.Re2d2 Rh4xf4
33.a4 b5
34.a5 b4
35.Ng1h3 Rf4g4
36.f3 Rg4h4
37.Nh3g1 Bd7b5
38.Kc1 Kf5
39.Rd2d1 Kf4
40.Rd1e1 e5
41.dxe5 fxe5
42.Re1d1 d4
43.Rd1e1 Rh4h2
44.Kd1 Rh2b2
45.Ng1h3 Kf5
46.Re1g1 Bb5e2
47.Ke1  { time }
1-0

[Event "Tourn. n8669"]
[Site "www.chess-mail.com"]
[Date "2016.04.07"]
[Round "1"]
[White "Ericleo1980"]
[Black "Ejner"]
[WhiteElo "2230"]
[BlackElo "2249"]
[Result "0-1"]
[Round "1"]
1.e4 c5
2.Ng1f3 d6
3.d4 cxd4
4.Nf3xd4 Ng8f6
5.Nb1c3 g6
6.Bc1e3 Bf8g7
7.f3 O-O
8.Qd1d2 Nb8c6
9.Bf1c4 Bc8d7
10.O-O-O Ra8c8
11.Bc4b3 Nc6xd4
12.Be3xd4 b5
13.g4 a5
14.a4 bxa4
15.Nc3xa4 Bd7xa4
16.Bb3xa4 Rc8c4
17.Bd4xf6 Bg7xf6
18.b3 Qd8b6
19.g5 Bf6c3
20.Qd2d5 Rc4xa4
{ resign }
0-1

[Event "Tourn. n8719"]
[Site "www.chess-mail.com"]
[Date "2016.04.07"]
[Round "1"]
[White "Vitoriccardo"]
[Black "Elogic"]
[WhiteElo "1960"]
[BlackElo "1850"]
[Result "0-1"]
[Round "1"]
1.e4 g6
2.d4 e5
3.dxe5 Nb8c6
4.Ng1f3 Qd8e7
5.Bc1f4 Qe7b4
6.Nb1c3 Qb4xb2
7.Bf4d2 Bf8b4
8.Ra1b1 Qb2a3
9.Rb1b3 Qa3a5
10.Nc3d5 Bb4xd2
11.Qd1xd2 Qa5xd2
12.Kxd2 Kd8
13.Bf1b5 Nc6a5
14.Nf3g5 Na5xb3
15.cxb3 Ng8h6
16.Bb5c4 b5
17.Bc4e2 c6
18.Nd5f6 Ke7
19.h4 d6
20.f4 dxe5
21.fxe5 Rh8d8
22.Ke3 Kf8
23.Nf6xh7 Kg7
24.Rh1f1 Rd8e8
25.Kd4 Bc8e6
26.Nh7f6 Re8e7
27.h5 gxh5
28.Be2xh5 Ra8d8
29.Kc5 Be6d7
30.Rf1d1 Re7xe5
{ resign }
0-1

[Event "Tourn. n8695"]
[Site "www.chess-mail.com"]
[Date "2016.04.07"]
[Round "1"]
[White "Nikas"]
[Black "Elogic"]
[WhiteElo "1960"]
[BlackElo "1810"]
[Result "1-0"]
[Round "1"]
1.d4 e6
2.e4 c6
3.Ng1f3 g6
4.Nb1c3 d5
5.h4 Bf8e7
6.e5 f6
7.exf6 Be7xf6
8.Bc1f4 Nb8d7
9.Qd1d2 h6
10.O-O-O b5
11.Rd1e1 Ng8e7
12.Re1xe6 Bf6g7
13.Bf4d6 h5
14.Re6xe7 Qd8xe7
15.Bd6xe7 Kxe7
16.Qd2e3 Kd8
17.Nf3g5 Rh8f8
18.Ng5e6 Ke8
19.Ne6xg7 Kd8
20.Ng7e6 { resign }
1-0

[Event "Match"]
[Site "www.echecsemail.com"]
[Date "2016.04.07"]
[Round "1"]
[White "Ericleo1980"]
[Black "Elogic"]
[WhiteElo "2270"]
[BlackElo "1770"]
[Result "1-0"]
[Round "1"]
1.e4 g6
2.d4 e6
3.Ng1f3 c5
4.dxc5 Bf8xc5
5.Nb1c3 Qd8b6
6.Qd1d2 Nb8c6
7.Nc3a4 Qb6b4
8.Na4xc5 Qb4xc5
9.Bf1d3 Nc6b4
10.O-O Nb4xd3
11.Qd2xd3 a5
12.Bc1e3 Qc5b4
13.a3 Qb4xb2
14.Be3d4 Qb2xa1
15.Rf1xa1 f6
16.Qd3c3 d6
17.Bd4xf6 Ng8xf6
18.Qc3xf6 Rh8f8
19.Qf6d4 Ra8a6
20.Ra1d1 Ke7
21.c4 e5
22.Qd4d5 Ra6c6
23.h4 Bc8g4
24.Rd1b1 Rf8b8
25.Nf3g5 Rb8f8
26.Rb1xb7 { resign }
1-0

[Event "Match"]
[Site "www.echecsemail.com"]
[Date "2016.04.07"]
[Round "1"]
[White "Genius2"]
[Black "Pinehill"]
[WhiteElo "1740"]
[BlackElo "2040"]
[Result "0-1"]
[Round "1"]
1.f4 d5
2.b3 Ng8f6
3.Bc1b2 Bc8f5
4.Ng1f3 e6
5.e3 Bf8e7
6.Bf1e2 h6
7.O-O O-O
8.Nf3e5 c5
9.Be2f3 Nb8c6
10.Ne5xc6 bxc6
11.d3 Qd8b6
12.Qd1e2 a5
13.Nb1d2 a4
14.Kh1 axb3
15.axb3 c4
16.Ra1xa8 Rf8xa8
17.Bb2xf6 cxd3
18.cxd3 Be7xf6
19.e4 dxe4
20.dxe4 Bf5g6
21.e5 Bf6e7
22.Qe2c4 Ra8d8
23.Nd2e4 Rd8d4
24.Qc4c2 c5
25.g3 Qb6b4
{ resign }
0-1

[Event "Match"]
[Site "www.echecsemail.com"]
[Date "2016.04.07"]
[Round "1"]
[White "Afrikanu007"]
[Black "Luzhin"]
[WhiteElo "1499"]
[BlackElo "2250"]
[Result "1/2-1/2"]
[Round "1"]
1.e4 e5
2.Ng1f3 Nb8c6
3.Bf1c4 Ng8f6
4.Qd1e2 Bf8c5
5.c3 d6
6.O-O O-O
7.b4 Bc5b6
8.Rf1d1 Qd8e7
9.Bc1a3 Nf6h5
10.b5 Nc6a5
11.d4 Nh5f4
12.Qe2f1 exd4
13.Rd1e1 Na5xc4
14.Qf1xc4 Bc8e6
15.Qc4a4 dxc3
16.Nb1xc3 Nf4h3
17.gxh3 Qe7f6
18.Qa4d1 Qf6xc3
19.Ba3xd6 cxd6
20.e5 dxe5
21.Nf3xe5 Ra8c8
22.Ra1c1 Qc3xh3
23.Qd1f3 Rc8xc1
24.Re1xc1 Qh3h4
25.Rc1e1 Be6d5
26.Qf3g3 Qh4b4
27.Re1f1 Qb4e4
28.Ne5f3 Qe4xf3
29.Qg3xf3 Bd5xf3
{ draw }
1/2-1/2

[Event "Match"]
[Site "www.echecsemail.com"]
[Date "2016.04.07"]
[Round "1"]
[White "Elogic"]
[Black "Fangshuo"]
[WhiteElo "1750"]
[BlackElo "2140"]
[Result "0-1"]
[Round "1"]
1.b3 Ng8f6
2.Ng1f3 d5
3.g3 Bc8g4
4.e3 e5
5.Bf1e2 Nb8c6
6.Bc1b2 Bf8d6
7.d3 Qd8d7
8.Nb1d2 Bg4h3
9.Nf3g5 O-O-O
10.Ng5xh3 Qd7xh3
11.f4 exf4
12.Bb2xf6 gxf6
13.Be2g4 Qh3xg4
14.Qd1xg4 Kb8
15.gxf4 Nc6b4
16.Qg4d1 d4
17.exd4 Rh8g8
18.Rh1f1 Rd8e8
19.Nd2e4 Nb4d5
20.Kd2 Rg8g2
21.Rf1f2 Bd6b4
22.Kc1 Bb4a3
23.Kd2 Ba3b4
24.c3 Bb4xc3
25.Ke2 Rg2g4
26.Ra1c1 f5
27.Kf3 Bc3xd4
28.h3 Rg4xf4
29.Kg3 Re8g8
30.Kh2 Bd4xf2
31.Ne4xf2 Rf4xf2
32.Kh1 Rg8g2
33.Qd1e1 Rf2e2
34.a3 Nd5e3
35.Qe1xe2 Rg2xe2
36.Rc1g1 b6
37.Rg1g7 f6
38.Rg7xh7 f4
39.Rh7h4 f3
{ resign }
0-1

[Event "Match"]
[Site "www.echecsemail.com"]
[Date "2016.04.07"]
[Round "1"]
[White "Elogic"]
[Black "Guidom"]
[WhiteElo "1750"]
[BlackElo "2070"]
[Result "0-1"]
[Round "1"]
1.b3 d5
2.e4 d4
3.f4 c5
4.c3 Nb8c6
5.Bc1b2 e5
6.f5 Qd8h4
7.g3 Qh4xe4
8.Qd1e2 Qe4xh1
9.Ng1f3 Bc8xf5
10.Kf2 e4
11.Bf1g2 d3
12.Qe2e3 Qh1d1
13.Nb1a3 Qd1e2
{ resign }
0-1

[Event "Match"]
[Site "www.echecsemail.com"]
[Date "2016.04.07"]
[Round "1"]
[White "Elogic"]
[Black "Pellix84"]
[WhiteElo "1770"]
[BlackElo "2020"]
[Result "1-0"]
[Round "1"]
1.g3 e6
2.e4 Nb8c6
3.Ng1f3 b6
4.b3 Bc8b7
5.Bc1b2 d5
6.exd5 exd5
7.Nf3e5 Ng8f6
8.Bf1b5 Qd8e7
9.O-O Qe7e6
10.Rf1e1 Nf6e4
11.f3 Bf8c5
12.d4 O-O
13.fxe4 Nc6xe5
14.dxc5 Ra8d8
15.Bb2xe5 Qe6xe5
16.c3 dxe4
17.Qd1c2 Qe5xc5
18.Kf1 Qc5xb5
19.c4 Qb5e5
20.Nb1c3 e3
21.Ra1d1 Qe5f6
22.Kg1 Qf6f3
23.Nc3d5 Rf8e8
24.Re1f1 Qf3e4
25.Qc2xe4 Re8xe4
26.Nd5e7 Kf8
27.Rd1xd8 Kxe7
28.Rd8b8 Bb7c6
29.Rf1d1 Re4e6
30.Rd1e1 a5
31.h4 h5
32.Kh2 a4
33.b4 Bc6f3
34.c5 e2
35.cxb6 cxb6
36.Kg1 f6
37.Kf2 Bf3g4
38.Rb8b7 Kf8
39.Re1c1 Re6e5
40.Rb7xb6 Re5f5
41.Kg2 Bg4h3
42.Kxh3 Rf5f1
43.Rb6e6 Rf1xc1
44.Re6xe2 Rc1b1
45.Re2e4 Rb1b2
46.b5 Rb2xa2
47.Re4b4 g5
48.hxg5 fxg5
49.b6 Kg7
50.b7 g4
51.Kh4 Kg6
52.Rb4xg4 hxg4
53.b8Q { resign }
1-0

[Event "Match"]
[Site "www.echecsemail.com"]
[Date "2016.04.07"]
[Round "1"]
[White "Baray"]
[Black "Nugun"]
[WhiteElo "1799"]
[BlackElo "1800"]
[Result "0-1"]
[Round "1"]
1.e4 c6
2.d4 d5
3.Bc1f4 dxe4
4.Nb1c3 Ng8f6
5.Bf4xb8 Ra8xb8
6.f3 Bc8f5
7.fxe4 Nf6xe4
 { time }
0-1

[Event "Match"]
[Site "www.echecsemail.com"]
[Date "2016.04.07"]
[Round "1"]
[White "Elogic"]
[Black "Umutkrc"]
[WhiteElo "1860"]
[BlackElo "1930"]
[Result "0-1"]
[Round "1"]
1.e4 d6
2.b3 e5
3.Qd1f3 Ng8f6
4.Bf1c4 c6
5.h3 b5
6.Bc4e2 Nb8a6
7.c3 Na6c5
8.d3 Qd8a5
9.Bc1b2 b4
10.d4 Nc5xe4
11.dxe5 dxe5
12.Nb1d2 bxc3
13.Bb2xc3 Qa5xc3
14.Ra1d1 Qc3xf3
15.Be2xf3 Bf8b4
16.Bf3xe4 Nf6xe4
17.Ng1f3 Ne4xd2
18.Nf3xd2 O-O
19.O-O Rf8d8
20.Nd2e4 Rd8xd1
21.Rf1xd1 Bc8e6
22.Rd1c1 Be6d5
23.f3 f5
24.Ne4f2 e4
25.fxe4 fxe4
26.Nf2xe4 Bd5xe4
27.Rc1c4 Be4xg2
28.Rc4xb4 Bg2xh3
29.Rb4c4 Bh3d7
30.Kf2 g5
31.Kg3 h5
32.Rc4c5 h4
33.Kg2 g4
34.Rc5g5 Kf8
35.Rg5h5 h3
36.Kg3 Kg7
37.Rh5e5 Kf6
38.Re5h5 Bd7f5
39.Kf4 Bf5e6
40.Rh5h6 Ke7
41.Rh6h7 Kd6
42.Rh7h6 Ra8f8
43.Kg3 Rf8f3
44.Kh2 g3
{ resign }
0-1

[Event "Match"]
[Site "www.echecsemail.com"]
[Date "2016.04.07"]
[Round "1"]
[White "Jacks"]
[Black "Nimzo"]
[WhiteElo "2840"]
[BlackElo "2810"]
[Result "1/2-1/2"]
[Round "1"]
1.e4 e6
2.d4 d5
3.e5 c5
4.c3 Qd8b6
5.Ng1f3 Nb8c6
6.a3 Bc8d7
7.b4 cxd4
8.cxd4 Ra8c8
9.Bc1e3 Ng8h6
10.Bf1d3 Nh6g4
11.O-O Bf8e7
12.Nb1d2 Ng4xe3
13.fxe3 Nc6b8
14.Qd1e2 Bd7a4
15.Ra1c1 O-O
16.Nd2b1 Rc8c6
17.Nb1c3 Qb6c7
18.Qe2b2 Rf8c8
19.Nc3e2 Qc7d8
20.Rc1xc6 Ba4xc6
21.Ne2f4 a6
22.Nf3d2 Bc6b5
23.Bd3xb5 axb5
24.Nd2b3 h6
25.Nb3c5 b6
26.Nc5b3 Be7g5
27.Rf1c1 Bg5xf4
28.exf4 Nb8c6
29.Nb3d2 Nc6e7
{ draw }
1/2-1/2

[Event "Match"]
[Site "www.echecsemail.com"]
[Date "2016.04.07"]
[Round "1"]
[White "Elogic"]
[Black "Calponas"]
[WhiteElo "1860"]
[BlackElo "2110"]
[Result "1/2-1/2"]
[Round "1"]
1.g3 g6
2.d4 Bf8g7
3.Ng1f3 d6
4.Bf1g2 Nb8d7
5.Nb1c3 e5
6.dxe5 Nd7xe5
7.Nf3xe5 Bg7xe5
8.Nc3e4 f5
9.Bc1g5 Ng8f6
10.Ne4xf6 Be5xf6
11.Bg5xf6 Qd8xf6
12.c3 O-O
13.Bg2d5 Kg7
14.e3 c6
15.Bd5g2 d5
16.O-O Bc8e6
17.f4 Ra8e8
18.h4 h5
19.Qd1d4 { draw }
1/2-1/2

[Event "Match"]
[Site "www.echecsemail.com"]
[Date "2016.04.07"]
[Round "1"]
[White "Elogic"]
[Black "Gilliere"]
[WhiteElo "1770"]
[BlackElo "1990"]
[Result "0-1"]
[Round "1"]
1.d4 Ng8f6
2.c4 g6
3.b3 Bf8g7
4.Bc1b2 O-O
5.e3 d6
6.f3 Rf8e8
7.Bf1d3 Nb8d7
8.Qd1c2 b6
9.Bd3e4 Nf6xe4
10.Qc2xe4 Ra8b8
11.Nb1c3 Bc8b7
12.Qe4d3 e5
13.Ng1e2 exd4
14.Ne2xd4 Nd7e5
15.Qd3d2 c5
16.Nd4b5 Bb7xf3
17.Nb5xd6 Bf3xg2
18.Qd2xg2 Ne5d3
19.Kf1 Qd8xd6
20.Nc3b5 Qd6d7
21.Bb2xg7 Kxg7
22.Ra1d1 Re8xe3
23.Qg2c2 Qd7f5
24.Kg1 Qf5g4
25.Qc2g2 Qg4xg2
26.Kxg2 Nd3f4
27.Kf2 Re3e7
28.h4 Rb8e8
29.Nb5d6 Re8f8
30.Rh1g1 Nf4h3
31.Kf3 Nh3xg1
32.Rd1xg1 Re7e6
33.Nd6f5 Kh8
34.Nf5h6 Re6f6
35.Kg4 Kg7
36.Kg5 Rf8e8
{ resign }
0-1

[Event "Match"]
[Site "www.echecsemail.com"]
[Date "2016.04.07"]
[Round "1"]
[White "Hansen"]
[Black "Azulmarino"]
[WhiteElo "1610"]
[BlackElo "1500"]
[Result "0-1"]
[Round "1"]
1.e4 e5
2.Qd1h5 Nb8c6
3.Bf1c4 g6
4.Qh5f3 Ng8f6
5.c3 Bf8c5
6.d4 Bc5b6
7.g4 d6
8.g5 Bc8g4
9.Qf3e3 Nf6h5
10.h3 exd4
11.cxd4 Bb6xd4
12.Qe3d2 Bg4f3
13.Ng1xf3 Bd4c5
14.Qd2d5 O-O
15.Nf3h4 Nc6b4
16.Qd5d2 Rf8e8
17.Nb1c3 Nb4c6
18.Bc4b5 Bc5b4
19.a3 Bb4c5
20.b4 Bc5b6
21.Rh1g1 Re8e5
22.f4 Re5e8
23.Rg1g4 a6
24.Bb5c4 Nc6d4
25.Nc3d5 Re8xe4
26.Kd1 c6
27.Nd5c3 Re4e8
28.f5 Nh5g7
29.fxg6 hxg6
30.Qd2f4 d5
31.Bc4d3 Ng7e6
32.Qf4e5 Ne6g7
33.Qe5g3 Nd4e6
34.Bd3xg6 d4
35.Nc3e4 Bb6c7
36.Ne4f6 Kf8
37.Qg3f3 Qd8e7
38.Nh4f5 Ng7xf5
39.Qf3xf5 Ne6xg5
40.Rg4g1 Qe7e2
{ resign }
0-1

[Event "1/128 Finale"]
[Site "www.chess-mail.com"]
[Date "2016.04.07"]
[Round "1"]
[White "Knightjumper"]
[Black "Piekki"]
[WhiteElo "1690"]
[BlackElo "1980"]
[Result "0-1"]
[Round "1"]
1.d4 Ng8f6
2.Bc1g5 Nf6e4
3.Bg5f4 c5
4.c3 cxd4
5.cxd4 d5
6.Qd1b3 Nb8c6
7.e3 e6
8.Ng1f3 Bf8b4
9.Nb1c3 Qd8a5
10.Ra1c1 Bc8d7
11.Bf1d3 Ne4xc3
12.bxc3 Bb4a3
13.Rc1b1 O-O
14.O-O Ba3e7
15.Nf3e5 Nc6xe5
16.Bf4xe5 Bd7c6
17.c4 dxc4
18.Bd3xc4 Rf8e8
19.Rf1d1 Bc6a4
{ resign }
0-1

[Event "Tourn. n8692"]
[Site "www.chess-mail.com"]
[Date "2016.04.08"]
[Round "1"]
[White "Roque1"]
[Black "Elogic"]
[WhiteElo "2040"]
[BlackElo "1820"]
[Result "0-1"]
[Round "1"]
1.e4 c5
2.Ng1f3 Nb8c6
3.Bf1b5 Qd8c7
4.Nb1c3 a6
5.Bb5a4 b5
6.Nc3d5 Qc7d6
7.c4 bxa4
8.Qd1xa4 e6
9.Nd5b6 Ra8b8
10.Nb6xc8 Rb8xc8
11.Qa4xa6 Rc8b8
12.O-O Nc6b4
13.Qa6a7 Nb4c2
14.Ra1b1 Nc2b4
15.d4 Nb4c6
16.Qa7a3 cxd4
17.Qa3xd6 Bf8xd6
18.b3 e5
19.Bc1g5 f6
20.Bg5h4 Nc6b4
21.a4 g5
22.Bh4g3 h5
23.h3 g4
24.Nf3h4 gxh3
25.f4 hxg2
26.Nh4xg2 Ng8h6
27.fxe5 fxe5
28.Rf1f6 Ke7
29.Bg3h4 Nh6g4
30.Rf6g6 Ke8
31.Rg6xd6 Rh8g8
32.Rb1f1 Ng4e3
33.Rf1f7 Rg8xg2
34.Kh1 Kxf7
35.Rd6xd7 Kg8
36.Bh4f6 Nb4c6
37.Rd7d6 Nc6a5
38.Bf6xe5 Rb8xb3
39.Rd6d8 Kf7
40.Rd8d7 Ke6
{ resign }
0-1

[Event "Tourn. n8660"]
[Site "www.chess-mail.com"]
[Date "2016.04.08"]
[Round "1"]
[White "Aperturaf"]
[Black "Tonino1"]
[WhiteElo "2500"]
[BlackElo "2200"]
[Result "0-1"]
[Round "1"]
1.e4 c5
2.Ng1f3 d6
3.d4 cxd4
4.Qd1xd4 Nb8c6
5.Bf1b5 Bc8d7
6.Bb5xc6 Bd7xc6
7.c4 Qd8c7
8.Nb1c3 Ng8f6
9.Bc1g5 h6
10.Bg5xf6 gxf6
11.Nc3d5 Bc6xd5
12.exd5 Qc7c5
13.O-O Ra8c8
14.Qd4d2 Kd7
15.Ra1c1 e6
16.b4 Qc5b6
17.c5 Qb6d8
18.dxe6 fxe6
19.Qd2d3 Rh8g8
20.Rf1e1 a6
 { time }
0-1

[Event "Tourn. n8660"]
[Site "www.chess-mail.com"]
[Date "2016.04.08"]
[Round "1"]
[White "Seger"]
[Black "Aperturaf"]
[WhiteElo "2720"]
[BlackElo "2500"]
[Result "1-0"]
[Round "1"]
1.d4 d5
2.c4 e6
3.Nb1c3 Ng8f6
4.Bc1g5 Nb8d7
5.cxd5 exd5
6.e3 c6
7.Bf1d3 Bf8e7
8.Qd1c2 Nf6h5
9.Bg5xe7 Qd8xe7
10.Ng1e2 g6
11.a3 Nd7b6
12.b4 Nh5g7
13.b5 Bc8f5
14.a4 Bf5xd3
15.Qc2xd3 a5
16.O-O O-O
17.Rf1b1  { time }
1-0

[Event "Tourn. n8682"]
[Site "www.chess-mail.com"]
[Date "2016.04.08"]
[Round "1"]
[White "Cal"]
[Black "Picalojack"]
[WhiteElo "1650"]
[BlackElo "1499"]
[Result "1-0"]
[Round "1"]
1.d4 d5
2.h3 Ng8f6
3.Ng1f3 Nb8c6
4.a3 Nf6e4
5.e3 Bc8f5
6.Nb1c3 f6
7.b4 Ne4xc3
8.Qd1d2 Nc3a4
9.Bf1d3 Bf5xd3
10.cxd3 a5
11.b5 Nc6a7
12.O-O Na7xb5
13.e4 dxe4
14.dxe4 e5
15.d5 Na4c5
16.a4  { time }
1-0

[Event "Tourn. n8650"]
[Site "www.chess-mail.com"]
[Date "2016.04.08"]
[Round "1"]
[White "Avg"]
[Black "Geretree"]
[WhiteElo "2050"]
[BlackElo "1930"]
[Result "0-1"]
[Round "1"]
1.f4 Nb8c6
2.Ng1f3 Ng8f6
3.d3 e5
4.fxe5 Nf6d5
5.c4 Bf8b4
6.Bc1d2 Nd5e3
7.Qd1b3 Bb4xd2
8.Nb1xd2 d6
9.d4 Ne3xf1
10.Rh1xf1 dxe5
11.dxe5 Bc8e6
12.Qb3xb7 Nc6e7
13.O-O-O O-O
14.b3 Ne7f5
15.Nd2e4 Nf5e3
16.Rd1xd8 Rf8xd8
17.Ne4g5 Ne3xf1
18.Qb7xc7 Nf1e3
19.g3 Rd8d7
20.Qc7c5 Ne3f5
21.e4 Nf5e7
22.Nf3d4 Ra8c8
23.Qc5a5 Rd7xd4
24.Qa5xa7 Ne7c6
25.Qa7c5 h6
26.Ng5xe6 fxe6
27.Kc2 Rd4xe4
28.b4 Nc6d4
{ resign }
0-1

[Event "Tourn. n8691"]
[Site "www.chess-mail.com"]
[Date "2016.04.08"]
[Round "1"]
[White "Bojan"]
[Black "Karousek"]
[WhiteElo "2020"]
[BlackElo "2260"]
[Result "0-1"]
[Round "1"]
1.c4 Ng8f6
2.b4 g6
3.Bc1b2 Bf8g7
4.d3 d5
5.Nb1d2 O-O
6.Qd1c2 c6
7.h4 a5
8.a3 axb4
9.axb4 Ra8xa1
10.Bb2xa1 Nb8a6
11.Ba1c3 d4
12.Bc3xd4 Qd8xd4
13.Qc2b1 Nf6g4
14.e3 Qd4c3
15.Bf1e2 Ng4h6
16.Ng1f3 Na6xb4
17.O-O c5
18.Nd2e4 Qc3a3
19.Nf3d2 b6
20.h5 Bc8b7
21.hxg6 fxg6
22.Be2g4 Nh6xg4
23.Ne4g5 Qa3xd3
24.Qb1e1 Qd3f5
25.Ng5f3 Nb4d3
26.Qe1b1 Ng4e5
27.Qb1xb6 Bb7xf3
28.e4 Qf5g4
{ resign }
0-1

[Event "Tourn. n8693"]
[Site "www.chess-mail.com"]
[Date "2016.04.08"]
[Round "1"]
[White "0o0o0"]
[Black "Elogic"]
[WhiteElo "1990"]
[BlackElo "1810"]
[Result "1-0"]
[Round "1"]
1.e4 e5
2.Ng1f3 f6
3.d4 d5
4.dxe5 fxe5
5.Nf3xe5 Ng8f6
6.Bc1g5 Bf8e7
7.Nb1c3 dxe4
8.Bf1c4 Qd8xd1
9.Ra1xd1 Bc8g4
10.Bg5xf6 Be7xf6
11.Ne5xg4 Bf6xc3
12.bxc3 Nb8c6
13.O-O Ra8d8
14.Rd1xd8 Kxd8
15.f3 exf3
16.Rf1xf3 a6
17.Rf3f7 b5
18.Bc4d5 Nc6e7
19.Bd5e4 h5
20.Ng4e5 Ke8
21.Rf7xg7 c5
22.Be4g6 Kf8
23.Rg7f7 Ke8
24.Bg6e4 Rh8h6
25.Rf7h7 Rh6xh7
26.Be4xh7 Ne7d5
27.c4 Nd5c3
28.cxb5 axb5
29.Bh7f5 b4
30.Ne5d3 Nc3a4
31.Bf5e6 Ke7
32.Be6b3 { resign }
1-0

[Event "Tourn. n8692"]
[Site "www.chess-mail.com"]
[Date "2016.04.08"]
[Round "1"]
[White "Hundegana"]
[Black "0o0o0"]
[WhiteElo "1910"]
[BlackElo "1940"]
[Result "0-1"]
[Round "1"]
1.e4 c5
2.c4 Nb8c6
3.a3 d6
4.Nb1c3 Ng8f6
5.d3 g6
6.Bf1e2 Bf8g7
7.h3 O-O
8.Ng1f3 a6
9.O-O Ra8b8
10.Ra1b1 b5
11.Nc3d5 bxc4
12.dxc4 Nf6xe4
13.Be2d3 Ne4f6
14.Rf1e1 Nf6xd5
15.cxd5 Nc6d4
16.Nf3xd4 cxd4
17.b4 e5
18.Qd1f3 f5
19.Qf3d1 Bc8b7
20.Qd1b3 Rb8c8
21.Bc1d2 Qd8h4
22.Bd3f1 e4
23.b5 Rc8c5
24.bxa6 Bb7xd5
25.Qb3b6 Bg7e5
26.a4 e3
27.Bd2b4 exf2
28.Kh1 Qh4g3
29.Re1xe5 Qg3xh3
{ resign }
0-1

[Event "Tourn. n8692"]
[Site "www.chess-mail.com"]
[Date "2016.04.08"]
[Round "1"]
[White "Elogic"]
[Black "0o0o0"]
[WhiteElo "1820"]
[BlackElo "1940"]
[Result "0-1"]
[Round "1"]
1.e4 c5
2.Ng1f3 Nb8c6
3.Bf1c4 e6
4.Nb1c3 a6
5.d4 cxd4
6.Nf3xd4 d6
7.Nd4xc6 bxc6
8.Bc1e3 Ng8f6
9.Qd1f3 d5
10.exd5 cxd5
11.O-O-O Bf8e7
12.Qf3g3 O-O
13.Be3h6 Nf6e8
14.Nc3xd5 exd5
15.Bc4xd5 Qd8a5
16.Bd5xa8 Qa5xa2
17.Ba8c6 Be7b4
18.c3 Qa2a1
19.Kc2 Bc8f5
20.Kb3 Bf5e6
21.c4 Be6xc4
22.Kxb4 Qa1xb2
23.Kxc4 Qb2c2
24.Qg3c3 Qc2e2
25.Rd1d3 Ne8d6
26.Kb3 Rf8b8
27.Ka4 Qe2a2
28.Qc3a3 Qa2c4
29.Ka5 Rb8b5
30.Kxa6 Qc4xc6
{ resign }
0-1

[Event "Tourn. n8666"]
[Site "www.chess-mail.com"]
[Date "2016.04.08"]
[Round "1"]
[White "Tonino1"]
[Black "Faerieking"]
[WhiteElo "2200"]
[BlackElo "2140"]
[Result "0-1"]
[Round "1"]
1.d4 d5
2.Ng1f3 Ng8f6
3.e3 c6
4.Bf1d3 Bc8g4
5.b3 e6
6.Bc1b2 Bf8d6
7.Nb1d2 Nb8d7
8.O-O O-O
9.h3 Bg4h5
10.g4 Bh5g6
11.Bd3xg6 hxg6
12.Nf3e5 c5
13.f4 Qd8c7
14.c4 Ra8c8
15.Ra1c1 Qc7d8
16.Qd1f3 Nd7b6
17.Ne5d3 dxc4
18.Nd2xc4 Nb6xc4
19.Rc1xc4 b6
20.Rf1d1 cxd4
21.Rc4xc8 Qd8xc8
22.e4 Qc8b7
23.Rd1e1 Rf8c8
24.Qf3g2 Bd6b8
25.Bb2xd4 Rc8d8
26.Bd4xf6 Rd8xd3
27.Bf6b2 Bb8xf4
28.Kh1 Rd3g3
29.Qg2f1 e5
30.Re1e2 f5
31.gxf5 gxf5
32.h4 fxe4
33.Qf1d1 e3
 { time }
0-1

[Event "Tourn. n8680"]
[Site "www.chess-mail.com"]
[Date "2016.04.08"]
[Round "1"]
[White "Numanoid"]
[Black "Darko10"]
[WhiteElo "2460"]
[BlackElo "2540"]
[Result "0-1"]
[Round "1"]
1.e4 c5
2.Nb1c3 Nb8c6
3.Ng1f3 g6
4.d4 cxd4
5.Nf3xd4 Bf8g7
6.Nd4b3 d6
7.Bf1e2 Bg7xc3
8.bxc3 Ng8f6
9.Bc1h6 Nf6xe4
10.Be2f3 f5
11.O-O Ne4xc3
12.Qd1d3 Nc3e4
13.Bf3xe4 fxe4
14.Qd3xe4 Bc8f5
15.Qe4c4 Qd8c7
16.Bh6g7 d5
17.Qc4xd5 e6
{ resign }
0-1

[Event "Tourn. n8688"]
[Site "www.chess-mail.com"]
[Date "2016.04.08"]
[Round "1"]
[White "Cardiff"]
[Black "Daquata"]
[WhiteElo "1700"]
[BlackElo "1670"]
[Result "1-0"]
[Round "1"]
1.d4 Ng8f6
2.c4 e6
3.Nb1c3 Bf8b4
4.e3 Nf6e4
5.Bc1d2 Ne4xd2
6.Qd1xd2 O-O
7.Ng1f3 b6
8.Bf1e2 Bc8b7
9.a3 Bb4xc3
10.Qd2xc3 d5
11.cxd5 Bb7xd5
12.O-O Nb8d7
13.Ra1c1 Ra8c8
14.Be2a6 Rc8b8
15.Qc3xc7 Qd8xc7
16.Rc1xc7 { resign }
1-0

[Event "Tourn. n8647"]
[Site "www.chess-mail.com"]
[Date "2016.04.08"]
[Round "1"]
[White "Potemkine"]
[Black "Falcoale"]
[WhiteElo "1530"]
[BlackElo "1650"]
[Result "0-1"]
[Round "1"]
1.d4 Ng8f6
2.Ng1f3 e6
3.e3 b6
4.Nb1d2 Bc8b7
5.c4 g6
6.Bf1d3 d5
7.b3 Bf8g7
8.Bc1b2 O-O
9.Qd1c2 Nb8d7
10.O-O-O dxc4
11.Bd3xc4 a6
12.h3 Ra8c8
13.Rh1g1 b5
14.Bc4d3 c5
15.Nd2e4 cxd4
16.Bb2c3 Bb7xe4
17.Nf3xd4 Be4xd3
18.Rd1xd3 b4
19.g4 Nf6e4
20.Nd4e2 Ne4xc3
21.Ne2xc3 Bg7xc3
22.Rd3xc3 Rc8xc3
{ resign }
0-1

[Event "Tourn. n8688"]
[Site "www.chess-mail.com"]
[Date "2016.04.08"]
[Round "1"]
[White "Daquata"]
[Black "Redabond"]
[WhiteElo "1670"]
[BlackElo "1570"]
[Result "1-0"]
[Round "1"]
1.e4 e5
2.Ng1f3 Nb8c6
3.Bf1c4 h6
4.d4 exd4
5.Nf3xd4 Ng8f6
6.Nb1c3 Bf8b4
7.O-O Bb4xc3
8.bxc3 Nc6xd4
9.cxd4 Nf6xe4
10.Rf1e1 d5
11.Bc4xd5 Qd8xd5
12.f3 O-O
13.fxe4 Qd5d6
14.Qd1d3 Qd6g6
15.Bc1f4 Bc8h3
16.Qd3xh3 Rf8e8
17.Qh3f3 Qg6b6
18.c3 Qb6f6
19.Bf4xc7 Qf6xf3
20.gxf3 Ra8c8
21.Bc7d6 Rc8xc3
22.Kf2 Re8e6
23.Bd6f4 Rc3c2
24.Re1e2 Rc2c4
25.d5 Re6f6
26.Bf4e5 Rf6b6
27.d6 Kf8
28.d7 Ke7
29.Ra1d1 Kd8
30.Be5xg7 h5
31.Bg7f8 Rc4c7
32.Bf8e7 Kxe7
33.d8Q { resign }
1-0